[Event "Ambalangoda Dhamso op 5th"]
[Site "Ambalangoda"]
[Date "2015.05.29"]
[Round "2"]
[White "Madushanka, Harsha"]
[Black "De Silva, T Hansi Kavisha"]
[Result "1-0"]
[WhiteElo "1839"]
[BlackElo "1120"]
[PlyCount "111"]
[EventDate "2015.05.29"]
[EventType "swiss"]
[EventRounds "9"]
[EventCountry "SRI"]
[SourceTitle "EXT 2016"]
[Source "ChessBase"]
[SourceDate "2015.10.08"]
[SourceVersion "1"]
[SourceVersionDate "2015.10.08"]
[SourceQuality "1"]

1. e4 c6 2. d4 d5 3. exd5 cxd5 4. Bd3 Nc6 5. c3 Qc7 6. h3 e6 7. Nf3 Bd6 8. 0-0 Nf6 9. Qc2 h6 10. Re1 0-0 11. Bb5 a6 12. Bxc6 bxc6 13. Nbd2 Nd7 14. c4 c5 15. cxd5 exd5 16. dxc5 Qxc5 17. Qxc5 Bxc5 18. Nb3 a5 19. Bf4 Bb7 20. Ne5 Nxe5 21. Nxc5 Ng6 22. Bd6 Rfd8 23. Nxb7 Rd7 24. Nxa5 Rxd6 25. b4 Rb8 26. a3 Re6 27. Rxe6 fxe6 28. Rc1 Rb5 29. g3 Kf7 30. Kf1 Ne5 31. Ke2 g5 32. Rc7+ Kf6 33. Rb7 Rxb7 34. Nxb7 Ke7 35. f4 gxf4 36. gxf4 Nc4 37. a4 h5 38. a5 Kd7 39. Nc5+ Kd6 40. a6 Nb6 41. a7 Na8 42. Kd3 h4 43. Kc3 Nc7 44. Kb3 Na8 45. Ka4 Kc6 46. Nxe6 Kb7 47. f5 Kxa7 48. f6 Kb7 49. f7 Nb6+ 50. Kb5 Nd7 51. Nc5+ Nxc5 52. bxc5 d4 53. f8Q d3 54. Qe7+ Kc8 55. Kb6 Kb8 56. Qd8# 1-0